Where the jobs are entrepreneurship and the soul of the American economy /

" Ending America's Jobs Emergency by Accelerating the True Engine of Job Creation - Start-UpsFour years after the end of the Great Recession, 23 million Americans remain unemployed, underemployed, or have left the workforce discouraged. Even worse, Washington policymakers seem out of ideas...

Full description

Bibliographic Details
Main Author: Dearie, John.
Corporate Author: ProQuest (Firm)
Other Authors: Geduldig, Courtney.
Format: Electronic eBook
Language:English
Published: Hoboken, N.J. : Wiley, 2013.
Subjects:
Online Access:Click to View
LEADER 04165nam a2200421 a 4500
001 EBC1367695
003 MiAaPQ
005 20200520144314.0
006 m o d |
007 cr cn|||||||||
008 130823s2013 njuad sb 001 0 eng d
010 |z  2013030211 
020 |z 9781118573242 (hardback) 
020 |a 9781118745724 (electronic bk.) 
035 |a (MiAaPQ)EBC1367695 
035 |a (Au-PeEL)EBL1367695 
035 |a (CaPaEBR)ebr10753418 
035 |a (CaONFJC)MIL514373 
035 |a (OCoLC)856879311 
040 |a MiAaPQ  |c MiAaPQ  |d MiAaPQ 
043 |a n-us--- 
050 4 |a HD5713.3  |b .D43 2013 
082 0 4 |a 331.120973  |2 23 
100 1 |a Dearie, John. 
245 1 0 |a Where the jobs are  |h [electronic resource] :  |b entrepreneurship and the soul of the American economy /  |c John Dearie, Courtney Geduldig. 
260 |a Hoboken, N.J. :  |b Wiley,  |c 2013. 
300 |a xxiii, 246 p. :  |b ill. 
504 |a Includes bibliographical references and index. 
520 |a " Ending America's Jobs Emergency by Accelerating the True Engine of Job Creation - Start-UpsFour years after the end of the Great Recession, 23 million Americans remain unemployed, underemployed, or have left the workforce discouraged. Even worse, Washington policymakers seem out of ideas.Where the Jobs Are: Entrepreneurship and the Soul of the American Economy shows how America can restore its great job-creation machine.Recent research has demonstrated that virtually all net new job creation in the United States over the past thirty years has come from businesses less than a year old - true "start-ups." Start-up businesses create an average of three million new jobs each year, while existing businesses of any size or age shed a net average of about one million jobs annually.Unfortunately, the vital signs of America's job-creating entrepreneurial economy are flashing red alert. After remaining remarkably consistent for decades, the rate of new business formation has declined significant in recent years, and the number of new jobs created by new firms is also falling.In Where the Jobs Are, the authors recount the findings of a remarkable summer they spent traveling the country to meet and conduct roundtables with entrepreneurs in a dozen cities. More than 200 entrepreneurs participated - explaining in specific and vividly personal terms the issues, frustrations, and obstacles that are undermining their efforts to launch new businesses, expand existing young firms, and create jobs. Those obstacles include a dangerously underperforming education system, self-defeating immigration policies that thwart the attraction and retention of the world's best talent, access to capital difficulties, a mounting regulatory burden, unnecessary tax complexity, and severe Washington-produced economic uncertainty.In Where the Jobs Are, the authors: Explain how start-ups are different from existing businesses, large or small, and why they represent the engine of job creation; Reveal how policymakers' failure to understand the unique nature and needs of start-ups has undermined efforts to stimulate the economy following the Great Recession; and, Present a detailed, innovative, and uniquely credible 30-point policy agenda based on what America's job creators said they urgently need. Engaging and informative, Where the Jobs Are reveals with unprecedented precision and clarity the major obstacles undermining the fragile economic recovery, and provides a vitally important game plan to unleash the job-creating capacity of the entrepreneurial economy and put a beleaguered nation back to work"--  |c Provided by publisher. 
533 |a Electronic reproduction. Ann Arbor, MI : ProQuest, 2015. Available via World Wide Web. Access may be limited to ProQuest affiliated libraries. 
650 0 |a Job creation  |z United States. 
650 0 |a Entrepreneurship  |z United States. 
650 0 |a Labor supply  |z United States. 
650 0 |a Labor policy  |z United States. 
655 4 |a Electronic books. 
700 1 |a Geduldig, Courtney. 
710 2 |a ProQuest (Firm) 
856 4 0 |u https://ebookcentral.proquest.com/lib/matrademy/detail.action?docID=1367695  |z Click to View